Catalog

Record Details

Catalog Search



Safe social networking  Cover Image Book Book

Safe social networking / by Heather E. Schwartz.

Summary:

"Describes safe social networking usage and ways to avoid dangerous situations, such as identity theft, cyberbullying, or predators"--Provided by publisher.

Record details

  • ISBN: 9781429699433
  • ISBN: 1429699434
  • ISBN: 9781620658024
  • ISBN: 162065802X
  • Physical Description: 32 pages : color illustrations ; 23 cm.
  • Publisher: Mankato, Minn. : Capstone Press, ©2013.

Content descriptions

Bibliography, etc. Note:
Includes bibliographical references (page 31) and index.
Formatted Contents Note:
Your online world -- Watch out! -- Fixing it -- Ways to deal.
Subject: Online social networks > Security measures > Juvenile literature.
Social networks > Juvenile literature.
Internet > Security measures > Juvenile literature.
Children > Safety measures.

LDR 01664nam a2200421 a 4500
001143289
003CONS
00520170425110803.0
008120628s2013 mnua j b 001 0 eng
010 . ‡a 2012026027
020 . ‡a9781429699433 ‡q(library binding)
020 . ‡a1429699434 ‡q(library binding)
020 . ‡a9781620658024 ‡q(pbk.)
020 . ‡a162065802X ‡q(pbk.)
035 . ‡a(CPomAG)LMN599458
042 . ‡apcc
05000. ‡aHM742 ‡b.S39 2013
08200. ‡a302.30285 ‡223
1001 . ‡aSchwartz, Heather E.
24510. ‡aSafe social networking / ‡cby Heather E. Schwartz.
260 . ‡aMankato, Minn. : ‡bCapstone Press, ‡c©2013.
300 . ‡a32 pages : ‡bcolor illustrations ; ‡c23 cm.
336 . ‡atext
336 . ‡astill image
337 . ‡aunmediated
338 . ‡avolume
4901 . ‡aFact finders. Tech safety smarts
504 . ‡aIncludes bibliographical references (page 31) and index.
5050 . ‡aYour online world -- Watch out! -- Fixing it -- Ways to deal.
520 . ‡a"Describes safe social networking usage and ways to avoid dangerous situations, such as identity theft, cyberbullying, or predators"--Provided by publisher.
650 0. ‡aOnline social networks ‡xSecurity measures ‡vJuvenile literature.
650 0. ‡aSocial networks ‡vJuvenile literature.
650 0. ‡aInternet ‡xSecurity measures ‡vJuvenile literature.
650 4. ‡aChildren ‡xSafety measures.
830 0. ‡aFact finders. ‡pTech safety smarts.
914 . ‡aSCP_jd
959 . ‡i32269001012015 ‡lJ 302.302 Sch ‡aJuvenile - NonFiction ‡tJuv Nonfiction ‡g20.00
852 . ‡p32269001012015 ‡jJ 302.302 Sch ‡gJuvenile - NonFiction ‡cJuv Nonfiction ‡y20.00 ‡bSBPL
901 . ‡a143289 ‡bUnknown ‡c143289 ‡tbiblio

Additional Resources